000 00617cas a22001815a 4500
001 L138298
008 070525c1989 xxkqr p 0 a0eng d
035 _a(Sirsi) u138298
041 0 _aeng
110 2 _aRoyal Institution of Chartered Surveyors
_bJunior Organisation
_91458
245 0 0 _aPride
_bQuarterly Newsletter of the Junior Organisation of the Royal Institution of Chartered Surveyors East Anglian Branch
260 _aS.l.
_bRICS
_c1989-
362 0 _a(13) Winter 1993
554 _aFour per year
651 4 _aEast Anglia
690 _aMANAGEMENT-BUSINESS MANAGEMENT-PROFESSIONAL PRACTICE
942 _n0
999 _c118965
_d118965